| 000 | 00644nam a2200217Ii 4500 | ||
|---|---|---|---|
| 003 | JO-AjNU | ||
| 008 | 230605s9999||||xx |||||||||||||| ||und|| | ||
| 017 | _a1988/477 | ||
| 040 |
_aJO-AjNU _bara _erda _cJO-AjNU |
||
| 041 | _aara | ||
| 050 | 1 | 4 | _aBP166.8.A2 1989 |
| 100 | 3 |
_aالكليب، عبد الملك علي, _eauthor _98147 |
|
| 245 | 0 | 0 | _aأهوال القيامة |
| 250 | _aط4 | ||
| 264 | 3 | 1 | _aبغداد: دار الأنبار للطباعة والنشر، 1989 |
| 300 | _a158ص | ||
| 336 |
_atext _btxt _2rdacontent |
||
| 337 |
_aunmediated _bn _2rdamedia |
||
| 338 |
_avolume _bnc _2rdacarrier |
||
| 650 | 4 |
_aالاخرة _98148 |
|
| 999 |
_aA641 _c4209 _d4209 |
||